| 000 | 00856nas a2200277 4500 | ||
|---|---|---|---|
| 001 | BR8005621 | ||
| 003 | BR-BrBNA | ||
| 005 | 20231205084402.0 | ||
| 007 | ta | ||
| 008 | 230509b bl.|||p| |||| 00| 00por d | ||
| 040 |
_aBR-BrBNA _bpor _cBiblioteca Nacional de Agricultura |
||
| 041 | _a(Pt) | ||
| 072 | _aM40 | ||
| 100 | 1 | _aMachado, W.L. | |
| 100 | 1 | _aLittlepage, J.L. | |
| 100 | 1 | _aCosta, F.P. | |
| 245 | 1 | _aSobre a biomassa, densidade e distribuicao do zooplancton marinho da regiao nordeste do Brasil [biologia aquatica] | |
| 650 | _aPLANCTON | ||
| 650 | _aZOOPLANCTON | ||
| 650 | _aBIOLOGIA AQUATICA | ||
| 650 | _aBIOMASSA | ||
| 650 | _aREGIAO NORDESTE | ||
| 773 | 0 |
_tArquivos de Ciencias do Mar (Brazil) _xISSN 0374-5686 _g(Dec 1977), v. 20(1-2) p. 43-54 _wBR8005621 |
|
| 909 |
_a202311 _bLúcia _c55 _dLúcia Elande |
||
| 942 |
_2AGRIS _n0 _cANA |
||
| 999 |
_c104878 _d104878 |
||